دوافع استخدام الشباب الجامعي لمواقع التواصل الاجتماعي وتأثيراتها بالتطبيق على Tik Tok وInstagram / (رقم التسجيلة. 177283)

تفاصيل مارك
000 -LEADER
fixed length control field 04105namaa22004211i 4500
003 - CONTROL NUMBER IDENTIFIER
control field OSt
005 - أخر تعامل مع التسجيلة
control field 20260211134430.0
008 - FIXED-LENGTH DATA ELEMENTS--GENERAL INFORMATION
fixed length control field 250827s2025 ua a|||frm||| 000 0 eng d
040 ## - CATALOGING SOURCE
Original cataloguing agency EG-GICUC
Language of cataloging ara
Transcribing agency EG-GICUC
Modifying agency EG-GICUC
Description conventions rda
041 0# - LANGUAGE CODE
Language code of text/sound track or separate title ara
Language code of summary or abstract ara
-- eng
049 ## - Acquisition Source
Acquisition Source إيداع
082 04 - DEWEY DECIMAL CLASSIFICATION NUMBER
Classification number 302.231
092 ## - LOCALLY ASSIGNED DEWEY CALL NUMBER (OCLC)
Classification number 302.231
Edition number 21
097 ## - Degree
Degree دكتـــــوراه‎
099 ## - LOCAL FREE-TEXT CALL NUMBER (OCLC)
Local Call Number Cai01.15.01.M.Sc.2025.هب.د
100 0# - MAIN ENTRY--PERSONAL NAME
Authority record control number or standard number ،هبة محمود فتوح محمود
Preparation إعداد.
245 10 - TITLE STATEMENT
Title دوافع استخدام الشباب الجامعي لمواقع التواصل الاجتماعي وتأثيراتها بالتطبيق على Tik Tok وInstagram /
Statement of responsibility, etc. إعداد هبة محمود فتوح محمود؛ إشراف أ. د/ عادل فهمي البيومي
246 15 - VARYING FORM OF TITLE
Title proper/short title Motivations for university youth’s use of social networking sites and their effects by applying on tik tok and instagram /
264 #0 - PRODUCTION, PUBLICATION, DISTRIBUTION, MANUFACTURE, AND COPYRIGHT NOTICE
Date of production, publication, distribution, manufacture, or copyright notice 2025.
300 ## - PHYSICAL DESCRIPTION
Extent 247صفحة :
Other physical details إيضاحيات ؛
Dimensions 30 سم +
Accompanying material CD.
336 ## - CONTENT TYPE
Content type term text
Source rda content
337 ## - MEDIA TYPE
Media type term Unmediated
Source rdamedia
338 ## - CARRIER TYPE
Carrier type term volume
Source rdacarrier
502 ## - DISSERTATION NOTE
Dissertation note أطروحة (دكتوراه)-جامعة القاهرة، 2025.
504 ## - BIBLIOGRAPHY, ETC. NOTE
Bibliography, etc. note ببليوجرافيا: صفحات 194-212.
520 ## - SUMMARY, ETC.
Summary, etc. تتمثل مشكلة الدراسة الحالية: " في معرفة دوافع استخدام الشباب الجامعي لمواقع التواصل على شبكة الإنترنت. الاجتماعي وتأثيراتها بالتطبق على Tik Tok و Instagram. - استخدمت هذه الدراسة: منهج المسح ، متمثل في (المسح الميداني) على الشباب الجامعي من خلال استمارة الاستبيان (صحيفة استقصاء) على عينة ميدانية قوامها (400) مفرده من طلاب جامعة القاهرة. واعتمدت الدراسة الحالية على نظرية الاستخدامات والتأثيرات، التي تعتبر إطاراً مثالياً لاختبار فروضها العلمية.هدفت الدراسة الحالية: في التعرف على أنماط استخدام الشباب الجامعي مواقع التواصل الاجتماعي التيك توك الانستجرام، و رصد مدى ارتباط الشباب بمواقع التواصل الاجتماعي التيك توك والانستجرام وتأثير ذلك على بعض الخصائص النفسية والسلوكية لدى الشباب الجامعي
520 ## - SUMMARY, ETC.
Summary, etc. The problem of the current study is: "To know the motives for university youth to use social networking sites on the Internet. Tik ToK and Instagram and their effects. This study used: The survey method, represented in (field survey) on university youth through a questionnaire form (investigation sheet) on a field sample of (400) individuals from Cairo University students. The current study relied on the theory of uses and effects, which is considered an ideal framework for testing its scientific hypotheses..The current study aimed: To identify the patterns of university youth's use of social networking sites Tik Tok and Instagram, and to monitor the extent of youth's connection to social networking sites Tik Tok and Instagram and the impact of this on some psychological and behavioral characteristics among university youth.
530 ## - ADDITIONAL PHYSICAL FORM AVAILABLE NOTE
Issues CD صدر أيضًا كقرص مدمج.
546 ## - LANGUAGE NOTE
Text Language النص بالعربية والملخص باللغة الإنجليزية والعربية.
650 #7 - SUBJECT ADDED ENTRY--TOPICAL TERM
Topical term or geographic name entry element الانترنت
Source of heading or term qrmak
650 #4 - SUBJECT ADDED ENTRY--TOPICAL TERM
Topical term or geographic name entry element مواقع التواصل الاجتماعي
653 #0 - INDEX TERM--UNCONTROLLED
Uncontrolled term الشباب الجامعي
-- مواقع التواصل الاجتماعي
700 0# - ADDED ENTRY--PERSONAL NAME
Personal name عادل فهمي البيومي
Relator term مشرف أطروحة.
900 ## - Thesis Information
Grant date 02-01-2025
Supervisory body عادل فهمي البيومي
Discussion body عبد الوهاب جودة
-- نشوى عقل
Universities جامعة القاهرة
Faculties كلية الإعلام
Department قسم الإذاعة والتليفزيون
905 ## - Cataloger and Reviser Names
Cataloger Name Sara Salah
Reviser Names Afaf
942 ## - ADDED ENTRY ELEMENTS (KOHA)
Source of classification or shelving scheme Dewey Decimal Classification
Koha item type Thesis
Edition 21
Suppress in OPAC No
المقتنيات
Source of classification or shelving scheme Home library Current library Date acquired Inventory number Full call number Barcode Date last seen Effective from Koha item type
Dewey Decimal Classification المكتبة المركزبة الجديدة - جامعة القاهرة قاعة الرسائل الجامعية - الدور الاول 01.01.2026 32834 Cai01.15.01.M.Sc.2025.هب.د 01010100032834000 01.01.2026 01.01.2026 Thesis
Cairo University Libraries Portal Implemented & Customized by: Eng. M. Mohamady Contacts: new-lib@cl.cu.edu.eg | cnul@cl.cu.edu.eg
CUCL logo CNUL logo
© All rights reserved — Cairo University Libraries
CUCL logo
Implemented & Customized by: Eng. M. Mohamady Contact: new-lib@cl.cu.edu.eg © All rights reserved — New Central Library
CNUL logo
Implemented & Customized by: Eng. M. Mohamady Contact: cnul@cl.cu.edu.eg © All rights reserved — Cairo National University Library